Personnages de Gabby et la Maison magique - Statistiques

Statistiques générales
  • Ce quiz a été pris 81 fois
  • Le résultat moyen est 7 sur 14
Statistiques - réponses
Par images Réponse % Correct
Gabby
98%
Bébé Boîte
75%
Marine
73%
Sacha
71%
DJ Miaou
65%
Fée Minette
65%
Chabriolette
54%
Polochat
52%
P'tichou
44%
Pandy Pattes
31%
Marty le festichat
25%
Peluche Peluchette
10%
Kico la chalicorne
6%
Luli-Loo
0%
Aucun quiz correspondant
Distribution des résultats
% des personnes avec chaque résultat
Percentile par nombre de réponses
Votre historique - résultats
Vous n’avez pas pris ce quiz